| 000 | 00512nam a2200217 454500 | ||
|---|---|---|---|
| 001 | 056070 | ||
| 003 | BD-ChCU | ||
| 008 | Eng | ||
| 020 | _a0534209343 | ||
| 040 |
_aDLC _cDLC _dBD-ChCU |
||
| 082 | 0 | 0 | _a519.5/R495m |
| 100 | 1 |
_aRice, John A _bx |
|
| 245 | 1 | 0 |
_aMathematical statistics and data analysis _bx |
| 250 | _a2nd | ||
| 260 |
_aAustralia _bThomson _c1995 |
||
| 300 | _axx, 602+48 | ||
| 504 | _aIncludes | ||
| 650 | 0 |
_aMathematical Statistics _bStatistics |
|
| 700 | 1 | _ax | |
| 942 |
_2ddc _cBK |
||
| 999 |
_c56070 _d56070 |
||